Délégations n'ayant gagné aucune médaille au Jeux Olympiques - Statistiques

Statistiques générales
  • Ce quiz a été pris 99 fois
    60 depuis la dernière actualisation
  • Le résultat moyen est 30 sur 68
Statistiques - réponses
Continant Délégation % Correct
Europe Andorre
82%
Europe Monaco
76%
Océanie Nauru
73%
Europe Albanie
71%
Amérique du Nord Antigua-et-Barbuda
67%
Amérique du Nord Belize
64%
Afrique Guinée
64%
Afrique Lesotho
64%
Océanie Tuvalu
64%
Afrique Guinée-Bissau
62%
Afrique Guinée Équatoriale
62%
Océanie Îles Marshall
62%
Amérique du Nord Saint-Vincent-et-les-Grenadines
62%
Océanie Micronésie
60%
Amérique du Nord Saint-Christophe-et-Niévès
60%
Afrique Seychelles
60%
Océanie Vanuatu
60%
Asie Brunei
58%
Afrique Comores
58%
Océanie Kiribati
58%
Asie Timor Oriental
58%
Asie Maldives
56%
Océanie Palaos
56%
Afrique Soudan du Sud
56%
Afrique Bénin
53%
Asie Bhoutan
53%
Océanie Papouasie-Nouvelle-Guinée
53%
Afrique République Démocratique du Congo
53%
Afrique République du Congo
53%
Afrique Rwanda
53%
Afrique São Tomé et Princípe
53%
Asie Yémen
53%
Afrique Angola
51%
Afrique Gambie
49%
Afrique Mali
49%
Europe Malte
49%
Afrique Liberia
47%
Asie Népal
47%
Afrique Sierra Leone
47%
Afrique Mauritanie
44%
Afrique République Centrafricaine
44%
Amérique du Nord Honduras
42%
Amérique du Nord Nicaragua
42%
Afrique Somalie
42%
Afrique Tchad
42%
Afrique Madagascar
40%
Afrique Malawi
40%
Asie Laos
38%
Asie Oman
36%
Asie Bangladesh
33%
Asie Cambodge
33%
Asie Birmanie
31%
Europe Bosnie-Herzégovine
31%
Afrique Libye
29%
Amérique du Nord Aruba
24%
Amérique du Sud Bolivie
24%
Océanie Guam
22%
Asie Palestine
22%
Océanie Îles Cook
13%
Amérique du Nord Îles Vierges Britanniques
13%
Océanie Samoa Américaines
13%
Asie Yémen du nord
13%
Asie Yémen du sud
13%
Amérique du Nord Îles Caïmans
9%
Europe Sarre
9%
Asie Bornéo du Nord
7%
Océanie Îles Salomons
7%
Afrique Eswatini (Swaziland)
0%
Aucun quiz correspondant
Distribution des résultats
% des personnes avec chaque résultat
Percentile par nombre de réponses
Votre historique - résultats
Vous n’avez pas pris ce quiz depuis la dernière actualisation